| 000 | 01103cam a2200181 4500 | ||
|---|---|---|---|
| 001 | ##L135918 | ||
| 008 | 061218n 000 0 eng u | ||
| 035 | _a(Sirsi) u135918 | ||
| 041 | 0 | _aeng | |
| 110 | 1 |
_aUnited Kingdom _bDepartment of Trade and Industry |
|
| 245 | 0 | 0 |
_aLow carbon buildings programme _bphase two |
| 520 | _aWebsite for phase two of the DTI's low carbon buildings programme, which will provide grants for microgeneration technologies for public sector not-for-profit organisations. Explains the eligibility criteria, the scope of the grants, and provides details of Framework Suppliers who will oversee the supply and installation of microgeneration technologies. Also contains information on microgeneration technologies, approved technology products, benchmarks, state aid, and energy efficiency. | ||
| 590 | _aKA | ||
| 651 | 4 |
_aUnited Kingdom _y |
|
| 690 | _aENVIRONMENTAL AND LAND CONSULTANCY-ENERGY-ENERGY USE-ENERGY EFFICIENCY | ||
| 856 | 4 | 0 |
_uhttps://www.lowcarbonbuildingsphase2.org.uk _zView the website free of charge at www.lowcarbonbuildingsphase2.org.uk... |
| 942 | _n0 | ||
| 999 |
_c120545 _d120545 |
||